[Event "Kolding Sondex Cup Gp3"]
[Site "Kolding"]
[Date "2013.04.12"]
[Round "1"]
[White "Fredericia, Louise Winther"]
[Black "Bove Quist, Viggo"]
[Result "0-1"]
[WhiteElo "2101"]
[BlackElo "2141"]
[PlyCount "86"]
[EventDate "2013.04.12"]
[EventType "tourn"]
[EventRounds "5"]
[EventCountry "DEN"]
[SourceTitle "EXT 2018"]
[Source "ChessBase"]
[SourceDate "2017.10.13"]
[SourceVersion "1"]
[SourceVersionDate "2017.10.13"]
[SourceQuality "1"]

1. d4 c6 2. Nf3 d6 3. e4 Nf6 4. Bd3 e5 5. c3 Nbd7 6. 0-0 Be7 7. Nbd2 0-0 8. Re1 Qc7 9. Nf1 Kh8 10. Ng3 Ng8 11. h3 g6 12. b3 Bf6 13. Bb2 Bg7 14. Qe2 Nb6 15. c4 c5 16. dxe5 dxe5 17. Rad1 f6 18. Nf1 Be6 19. Ne3 Rae8 20. Bb1 Ne7 21. Nd5 Qb8 22. Qe3 Nd7 23. Nxe7 Rxe7 24. Rd2 b6 25. Red1 Qc8 26. Qd3 Nb8 27. g4 Nc6 28. Kg2 Bh6 29. Rc2 Bf4 30. Qe2 Kg7 31. Ng1 Rh8 32. f3 h5 33. a3 Kf7 34. Rd3 Nd4 35. Bxd4 exd4 36. Qd1 Qc7 37. Kf1 Be3 38. Rg2 Qf4 39. Qe2 hxg4 40. hxg4 Rh1 41. Qd1 Bc8 42. Qe2 Rxe4 43. Rd1 Re5 0-1

[Event "DEN-ch rapid"]
[Site "Middelfart"]
[Date "2012.09.30"]
[Round "1"]
[White "Skytte, Rasmus"]
[Black "Bove Quist, Viggo"]
[Result "1-0"]
[WhiteElo "2396"]
[BlackElo "2095"]
[PlyCount "55"]
[EventDate "2012.09.30"]
[EventType "swiss (rapid)"]
[EventRounds "7"]
[EventCountry "DEN"]
[SourceTitle "EXT 2018"]
[Source "ChessBase"]
[SourceDate "2017.10.13"]
[SourceVersion "1"]
[SourceVersionDate "2017.10.13"]
[SourceQuality "1"]

1. e4 c6 2. d4 d5 3. Nc3 b5 4. a3 dxe4 5. Nxe4 Nd7 6. c4 bxc4 7. Bxc4 Ngf6 8. Nxf6+ Nxf6 9. Nf3 Ba6 10. Qa4 Bxc4 11. Qxc6+ Nd7 12. Qxc4 Rc8 13. Qa4 Qc7 14. 0-0 e6 15. Bg5 f6 16. Rac1 Qb7 17. Rxc8+ Qxc8 18. Rc1 Qb8 19. Qa6 Nb6 20. Be3 Kf7 21. Rc6 Be7 22. b4 Rd8 23. Qd3 Qb7 24. b5 g6 25. Bd2 Rd5 26. h4 a6 27. Qe4 Bd6 28. Rxd6 1-0

[Event "DEN-chT 9900"]
[Site "Denmark"]
[Date "2000.03.19"]
[Round "7.4"]
[White "Bove Quist, Viggo"]
[Black "Rewitz, Poul"]
[Result "0-1"]
[WhiteElo "2290"]
[BlackElo "2340"]
[PlyCount "58"]
[EventDate "1999.11.07"]
[EventType "team-tourn"]
[EventRounds "7"]
[EventCountry "DEN"]
[SourceTitle "EXT 2023"]
[Source "ChessBase"]
[SourceDate "2022.10.05"]
[SourceVersion "1"]
[SourceVersionDate "2022.10.05"]
[SourceQuality "1"]
[WhiteTeam "Sydostfyn"]
[BlackTeam "Skolerne"]
[WhiteTeamCountry "DEN"]
[BlackTeamCountry "DEN"]

1. Nf3 d5 2. g3 Nc6 3. d4 Bf5 4. Bg2 Nb4 5. Na3 Be4 6. 0-0 e6 7. c3 Nc6 8. b3 Nf6 9. Bb2 Be7 10. Nc2 0-0 11. a4 Na5 12. Na3 Nd7 13. Nb1 c5 14. Nbd2 Bxf3 15. Nxf3 c4 16. b4 Nb3 17. Rb1 a5 18. Nd2 Nxd2 19. Qxd2 axb4 20. cxb4 Rxa4 21. Bc3 b5 22. e4 dxe4 23. Bxe4 Nf6 24. Bc2 Ra8 25. Ra1 Qd5 26. Qe2 g6 27. f3 Rxa1 28. Rxa1 Bxb4 29. Be4 Qd6 0-1

[Event "DEN-chT 9900"]
[Site "Denmark"]
[Date "1999.11.07"]
[Round "1.3"]
[White "Hartung Nielsen, Jens"]
[Black "Bove Quist, Viggo"]
[Result "1-0"]
[WhiteElo "2230"]
[BlackElo "2290"]
[PlyCount "57"]
[EventDate "1999.11.07"]
[EventType "team-tourn"]
[EventRounds "7"]
[EventCountry "DEN"]
[SourceTitle "EXT 2023"]
[Source "ChessBase"]
[SourceDate "2022.10.05"]
[SourceVersion "1"]
[SourceVersionDate "2022.10.05"]
[SourceQuality "1"]
[WhiteTeam "Nykobing Falster"]
[BlackTeam "Sydostfyn"]
[WhiteTeamCountry "DEN"]
[BlackTeamCountry "DEN"]

1. d4 Nf6 2. c4 c5 3. e3 e6 4. Nc3 b6 5. Nf3 Be7 6. Bd3 0-0 7. d5 exd5 8. cxd5 d6 9. h3 Ba6 10. a4 Bxd3 11. Qxd3 Nbd7 12. 0-0 a6 13. e4 Ne8 14. Bf4 Bf6 15. Rae1 g5 16. Bxd6 Bxc3 17. Bxf8 Bxe1 18. Bh6 Ba5 19. Bxg5 f6 20. Bh4 Qe7 21. d6 Qe6 22. e5 c4 23. Qd1 fxe5 24. Ng5 Qxd6 25. Qf3 Ndf6 26. Qxa8 Qd7 27. Nf3 Nh5 28. Nxe5 Qe6 29. Nxc4 1-0

[Event "DEN-ch cand"]
[Site "Odense"]
[Date "1980.04.02"]
[Round "6"]
[White "Reinert, Mads"]
[Black "Bove Quist, Viggo"]
[Result "1-0"]
[WhiteElo "2255"]
[BlackElo "2255"]
[PlyCount "119"]
[EventDate "1980.03.28"]
[EventType "tourn"]
[EventRounds "11"]
[EventCountry "DEN"]
[SourceTitle "EXT 2019"]
[Source "ChessBase"]
[SourceDate "2018.10.10"]
[SourceVersion "1"]
[SourceVersionDate "2018.10.10"]
[SourceQuality "1"]

1. e4 c6 2. d4 d5 3. Nc3 dxe4 4. Nxe4 Nf6 5. Nxf6+ gxf6 6. Nf3 Bf5 7. Bd3 Bg6 8. 0-0 e6 9. c4 Na6 10. Be3 Qd7 11. Rc1 0-0-0 12. a3 Kb8 13. b4 b5 14. d5 e5 15. Be2 cxd5 16. cxb5 d4 17. Nxd4 exd4 18. Bf4+ Bd6 19. Bxd6+ Qxd6 20. Rc6 Qd5 21. Rxa6 Rhg8 22. g3 d3 23. Bf3 Be4 24. Bxe4 Qxe4 25. Re1 Qb7 26. Qd2 Rge8 27. Rxe8 Rxe8 28. Rd6 Re2 29. Rd8+ Kc7 30. Rd7+ Kc8 31. Qc3+ Kxd7 32. Qxd3+ Ke7 33. Qxe2+ Kf8 34. Qc4 Qf3 35. a4 Qd1+ 36. Kg2 Qxa4 37. h3 Kg7 38. Qc5 Qa2 39. Kh2 Kg6 40. b6 axb6 41. Qxb6 Kg7 42. Qc5 Qe2 43. b5 Qf3 44. b6 f5 45. Qe3 Qd5 46. Qc3+ Kg6 47. Qb2 Qb7 48. Qb4 Qf3 49. Qb2 Qb7 50. Kg1 f6 51. Qb5 Kh6 52. Qc5 Qd7 53. Qc7 Qd1+ 54. Kh2 Qf3 55. Qf4+ Qxf4 56. gxf4 Kh5 57. b7 Kh4 58. b8Q h5 59. Kh1 Kxh3 60. Qb3+ 1-0

[Event "DEN-ch cand"]
[Site "Odense"]
[Date "1980.03.30"]
[Round "3"]
[White "Bove Quist, Viggo"]
[Black "Gallmeyer, Peter"]
[Result "1-0"]
[WhiteElo "2255"]
[BlackElo "2255"]
[PlyCount "75"]
[EventDate "1980.03.28"]
[EventType "tourn"]
[EventRounds "11"]
[EventCountry "DEN"]
[SourceTitle "EXT 2019"]
[Source "ChessBase"]
[SourceDate "2018.10.10"]
[SourceVersion "1"]
[SourceVersionDate "2018.10.10"]
[SourceQuality "1"]

1. c4 b6 2. b4 e6 3. Bb2 Nf6 4. b5 Bb7 5. e3 c5 6. f4 d6 7. Nf3 Nbd7 8. Be2 e5 9. fxe5 dxe5 10. Nxe5 Nxe5 11. Bxe5 Nd7 12. Bg3 Bxg2 13. Rg1 Bb7 14. Bf3 Bxf3 15. Qxf3 Be7 16. Nc3 0-0 17. Nd5 Bh4 18. Ke2 Bxg3 19. Qxg3 g6 20. Raf1 f6 21. h4 Kh8 22. h5 g5 23. h6 a6 24. a4 axb5 25. axb5 Ra2 26. Rf5 Qe8 27. Qd6 Qh5+ 28. Kd3 Ra3+ 29. Nc3 Qf7 30. Kc2 Qxc4 31. Qxd7 Ra2+ 32. Kc1 Rg8 33. Rf4 Qb3 34. Nxa2 Qxa2 35. Rfg4 c4 36. Qd4 Qa3+ 37. Qb2 Qd3 38. Qxf6+ 1-0